00382 a2200145 4500003000400000005001700004008004100021040000900062082002000071100002700091245004700118250001200165260005000177300000900227OSt20240208130905.0240208b |||||||| |||| 00| 0 eng d coclc a894.8124bTHI/I aThiruvazhamkunnu, T. R aIndia Iruttilekku /cT. R Thiruvazhamkunnu a1st ed. aKozhikode:bKerala Yukthivadi Sangaom,c2014. a79p.